Pracovný komfort podnikateľa a výdavky

Rozporuplný pohľad správcov dane, daňových poradcov i samotných daňových subjektov na posudzovanie vybraných nákladov (výdavkov) z daňového hľadiska. Problematika správneho zaraďovania výdavkových (nákladových) skupín medzi daňovouznateľné alebo daňovoneuznateľné. Skupina tzv. výdavkov "pracovného k...

Ausführliche Beschreibung

Gespeichert in:
Bibliographische Detailangaben
1. Verfasser: Burák, Emil
Format: Buchkapitel
Sprache:Slowakisch
Schlagworte:
Tags: Tag hinzufügen
Keine Tags, Fügen Sie das erste Tag hinzu!

MARC

LEADER 00000naa a2200000 4500
001 r033703
005 20230926073112.2
041 0 |a slo 
044 |a SK 
245 1 0 |a Pracovný komfort podnikateľa a výdavky  |c Emil Burák 
520 |a Rozporuplný pohľad správcov dane, daňových poradcov i samotných daňových subjektov na posudzovanie vybraných nákladov (výdavkov) z daňového hľadiska. Problematika správneho zaraďovania výdavkových (nákladových) skupín medzi daňovouznateľné alebo daňovoneuznateľné. Skupina tzv. výdavkov "pracovného komfortu" podnikateľa (VPK). Analýza predmetnej problematiky. Najfrekventovanejšie príklady z praxe. 
610 2 0 |a dane 
610 2 0 |a náklady 
610 2 0 |a výdavky 
610 2 0 |a odpisy daňové 
610 2 0 |a zdaňovanie 
610 2 0 |a podnikatelia 
610 2 0 |a poradcovia daňoví 
610 2 0 |a kontrola daňová 
100 1 |a Burák, Emil